| 000 | 01071 a2200241 4500 | ||
|---|---|---|---|
| 003 | Nust | ||
| 005 | 20230320112112.0 | ||
| 010 | _a 89009900 | ||
| 020 | _a0080362664 : | ||
| 020 | _a0080362672 (flexicover) : | ||
| 040 | _cNust | ||
| 082 | 0 | 0 | _a623.73,RIC |
| 100 | 1 |
_aRice, M. A. _946762 |
|
| 245 | 1 | 0 |
_aCommunications and information systems for battlefield command and control / _cM.A. Rice and A.J. Sammes. |
| 250 | _aVol.5 | ||
| 260 |
_aLondon ; _aWashington : _bBrassey's, _c1989. |
||
| 300 |
_axxi, 276 p. : _bill ; _c26 cm. |
||
| 440 | 0 |
_aLand warfare ; _vv. 5 _9102996 |
|
| 505 | _aIntroduction (Page-1), Principles of Information Processing (Page-16), Processing (Page-38), Storage (Page-56), Input and Output (Page-82), Communications (Page-105), Design for the Battlefield Environment (Page-125), The Software Crisis (Page-156), Interoperability (Page-179), Security (Page-193), The Impact of CIS on the Organization (Page-217), The Future (Page-239). | ||
| 650 | 0 | _aCommand and control systems. | |
| 700 | 1 |
_aSammes, A. J. _946764 |
|
| 942 |
_2ddc _cBK |
||
| 999 |
_c183583 _d183583 |
||